000 00262nam a2200097Ia 4500
001 1211713
005 20250827024441.0
008 250824s9999 xx 000 0 und d
245 0 _aSENİ İÇİMDEN TERK EDİYORUM
_cKAHRAMAN TAZEOĞLU
260 _bDESTEK YAYINLARI
999 _c1211713
_d1211713